000 00960nam a2200241Ia 4500
003 OSt
005 20221005110440.0
006 a|||||r|||| 00| 0
007 ta
008 221004b |||||||| |||| 00| 0 hin d
024 _a29838
037 _cTextual
040 _aCRL
_cCRL
_bhin
041 _2hin
_ahin
082 _aV5.M, 152P9
100 _aसिन्हा, अरविंद
245 0 _aसंक्रांतिकालीन यूरोप सामंतवाद से औद्योगिक क्रांति तक
246 _aSankrāantikālīn yūrop sāmantavād se audyogik krāanti taka
260 _aनई दिल्ली
_bग्रंथ शिल्पी इंडिया प्राइवेट लिमिटेडृृ भारत
_c2009
300 _a686पृ.
_ccm.
942 _hV5.M, 152P9
_cTEXL
_2cc
999 _c1018854
_d1018854